00821cam a22002297a 4500003000500000005001700005008004100022010001000063011001000073035001000083040000900093100003700102245017400139260004000313300001000353502008700363650002600450650002900476650002200505650001900527710004500546CHAP20220817043224.0971013s1987 r 00010 d a68927 a69899 a79377 cCHAP00aBenavides Solorio, Juan de Dios. 0aEstimación de la calidad de sitio mediante índices de sitio del Pinus michoacana cornuta Martínez y Pinus oocarpa Schieda para el A.D.F. Tapalpa, estado de Jalisco aChapingo, Méx. :bEl autor,c1987 a80 h. aTesis (Ing. Agrónomo Esp. en Bosques) -- UACH. División de Ciencias Forestales14aIndices de localidad.14aPináceasxCrecimiento.14aPinus michoacana.14aPinus oocarpa.0 aUACH. División de Ciencias Forestales.